Регионална библиотека "Любен Каравелов" - Русе

Ein Hauschen unterm Schnee (Запис номер 143773)

MARC детайли
000 -Лидер
Контролно поле с фиксирана дължина nam a22 a 4500
003 - Код на организацията, давaща контролен номер
Контролно поле BLK
005 - Дата и час на последна редакция
Контролно поле 20230404030320.0
008 - Елементи от данни с фиксирана дължина
fixed length control field 180409b bul|||||r ||||||| ||bul||
010 ## - Наследен системен номер
LC control number KNG00149916000
040 ## - Източник на каталожния запис
Идентификатор на билиотеката - собственик на записа BLK
041 ## - Код за език
Код за езика на текст/звукозапис или на отделно заглавие Немски
Код за езика КДБФ Немски
080 ## - УДК
Текстов определител УДК Българска литература
УДК код - определител по УДК 821.163.2
УДК определител -93-34
УДК - код + определител 821.163.2-93-34
100 1# - Редна дума - Автор
Автор Stanev, Emilijan
Авторска отговорност първи автор
R(LIN) 379755
139 ## - Редно поле
Редна дума Stanev, Emilijan
Авторски знак St - S 81
245 10 - Сведения за заглавието
Заглавие Ein Hauschen unterm Schnee
Подзаглавни данни Приказка
Редно поле (дума) Emilijan Stanev ; ubers. aus dem bulg. Helga Thomas; ill. Borislav Stoev
257 ## - Страна на издаване
Страна на създаване/издаване България
260 ## - Област на издателските данни
Място на издаване, разпространение и проч. Sofia
Име на издателя, разпространителя и проч. Sofia-Press
Година на издаване 1973
300 ## - Физическа характеристика
Страници 20 с.
Илюстрации и др. с ил.
Размери/Мащаб 31 см
380 ## - Жанр
Жанр Детска худож. лит.
500 ## - Общи забележки
Забележка Истинското име на авт. е Никола Стоянов Станев. - Ориг. загл. Къщичка под снега. - 20 000 тир.
700 1# - Други автори (авторска отговорност)
Лично име Thomas, Helga
Автороска отговорност (Описва отношението между автора и произведението) ubers. aus dem bulg.
9 (RLIN) 378931
700 1# - Други автори (авторска отговорност)
Лично име Stoev, Borislav
Автороска отговорност (Описва отношението между автора и произведението) ill.
9 (RLIN) 379525
700 1# - Други автори (авторска отговорност)
Лично име Станев, Емилиян
Пълна форма на името Станев, Никола Стоянов
Дати, свързани с автора 1907-1979
9 (RLIN) 363786
700 1# - Други автори (авторска отговорност)
Лично име Станев, Никола Стоянов
Автороска отговорност (Описва отношението между автора и произведението) *
9 (RLIN) 366821
700 1# - Други автори (авторска отговорност)
Лично име Стоев, Борислав
Автороска отговорност (Описва отношението между автора и произведението) *
9 (RLIN) 372214
852 ## - Местоположение
Форматна сигнатура Цб ІІ 18911
Фондова буква Хранилище
999 ## - СИСТЕМНИ КОНТРОЛНИ НОМЕРА
Koha biblionumber 143773
Koha biblioitemnumber 143773
942 ## - АРТИКУЛИ
Вид на библиотечния материал Книги
Скрит в OPAC Не
Периодичен библиозапис Да
944 ## - СЪЗДАВАНЕ И РЕДАКЦИЯ на ЗАПИСА
Създаване/Редакция Създаване
Дата на регистрацията/редакция 27.08.2013
Статус, дата на статуса 27.08.2013 - от С1,Р / 27.08.2013
Служител, извършил регистрацията/редакцията Симона_Петрова
944 ## - СЪЗДАВАНЕ И РЕДАКЦИЯ на ЗАПИСА
Създаване/Редакция Редакция
Дата на регистрацията/редакция 2022-04-06
Служител, извършил регистрацията/редакцията ГГГ
Наличности
Код за отписване Код за изгубен артикул Източник на класификационната схема Код за повреда Коз за рестрикции Код за отдаване Артикулен № Име на библиотеката - собственик Име на библиотеката, в която се намира в момента Статус (Текущо местоположение) Дата на вписване в системата Местоположение - отдел Цена в лева Инвентарен номер Систематично азбучна сигнатура Баркод Номер на екземпляра Цена в евро Служебна бележка Служебен тип на артикула
  Не е изгубен Universal Decimal Classification Не е повреден само за читалня ползва се в читалня 238785 Регионална библиотека "Любен Каравелов" Русе Регионална библиотека "Любен Каравелов" Русе Хранилище 1973-01-01 Хранилище 0.29 140104 Цб ІІ 18911 120000140104 1 0.15 N: стар фонд Дата: 01.01.1973 Книги
Vip Innovations Ltd, Rousse, Bulgaria 2025